| 000 | 00876nam a2200205 a 4500 | ||
|---|---|---|---|
| 008 | 120416s1998 ||||||||||||||||| || u | ||
| 020 | _a0201178192 | ||
| 050 | _aTS 155.6 Mac | ||
| 100 | _aBrowne, Jimmie | ||
| 245 | 1 | 0 |
_aCADCAM: principles, practice, and manufacturing management -- 2nd ed. _cChris McMahon; Jimmie Browne |
| 250 | _a2nd ed. | ||
| 260 |
_aHarlow, England _bAddison-Wesley _c1998 |
||
| 300 | _axxii, 665 p. : ill. | ||
| 350 | _a0.00 | ||
| 650 | _aENGINEERING | ||
| 650 | _aCAD/CAM SYSTEMS | ||
| 700 | _aMcMahon, Chris | ||
| 995 |
_aMAIN LIBRARY OPEN ACCESS _D0.00 _e733491 _FCBU-MAIN LIBRARY (Kitwe) _H1 _I0.00 _jTS 155.6 Mac _M1 _UAVAILABLE _y45093 _ZMain Library Open Access Collection |
||
| 995 |
_aMAIN LIBRARY OPEN ACCESS _D0.00 _e738744 _FCBU-MAIN LIBRARY (Kitwe) _H1 _I0.00 _jTS 155.6 MAC _M2 _UAVAILABLE _WSep 25, 2008 _y738744 _ZMain Library Open Access Collection |
||
| 999 |
_c79099 _d79099 |
||